| 000 | 00000nam##2200000za#4500 |
| 001 | 9.694863 |
| 003 | CaOODSP |
| 005 | 20241203113637 |
| 007 | cr ||||||||||| |
| 008 | 150407|2001||||xxc|||||o f|0| 0 eng|d |
| 040 | |aCaOODSP|beng |
| 043 | |an-cn--- |
| 086 | 1 |aEn21-125/2001E-PDF |
| 110 | 1 |aCanada. |bEnvironment Canada. |
| 245 | 10|a2001 Canada's third national report on climate change : |h[electronic resource]|bactions to meet commitments under the United Nations Framework Convention on Climate Change |
| 260 | |aOttawa - Ontario : |bEnvironment Canada |cc2001. |
| 300 | |a272p.|bfigs., graphs, references |
| 500 | |aThe catalogue number (En21-125/2001E) and ISBN (0-660-18694-2) for the print edition have been incorrectly copied in this PDF version. |
| 590 | |a11-14-Supp|b2011-08-12 |
| 690 | 07|aInternational agreements|2gcpds |
| 690 | 07|aClimate|2gcpds |
| 775 | 08|t2001, troisième rapport national du Canada sur les changements climatiques : |w(CaOODSP)9.639032 |
| 776 | 0#|tCanada's third national report on climate change : |w(CaOODSP)9.648415 |
| 856 | 40|ahttp://publications.gc.ca|qPDF|s1439 KB|uhttps://publications.gc.ca/collections/Collection/En21-125-2001E.pdf |